Saltar al contenido
Inicio
Centros participantes
Catálogo
Servicios
Contacto
Prijava
English
Deutsch
Español
Français
Italiano
日本語
Nederlands
Português
Português (Brasil)
中文(简体)
中文(繁體)
Türkçe
עברית
Gaeilge
Cymraeg
Ελληνικά
Català
Euskara
Русский
Čeština
Suomi
Svenska
polski
Dansk
slovenščina
اللغة العربية
বাংলা
Galego
Tiếng Việt
Hrvatski
हिंदी
Հայերէն
Українська
Sámegiella
Jezik
Vsa polja
Naslov
Avtor
Tema
Signatura
ISBN/ISSN
Oznaka
Išči
Napredno
Teoría y práctica de la políti...
Citiraj
Pošljite email
Natisni
Izvozi zadetek
Izvozi v RefWorks
Izvozi v EndNoteWeb
Izvozi v EndNote
Dodaj v priljubljene
Enlace Permanente
Agregar primera valuación
Teoría y práctica de la política exterior latinoamericana /
Shranjeno v:
Bibliografske podrobnosti
Glavni avtor:
Drekonja, Gerhard
Drugi avtorji:
Tokatlián, Juan Gabriel
Format:
Texto
Izdano:
s.l.:
CEREC
Oznake:
Označite
Brez oznak, prvi označite!
Zaloga
Opis
Komentarji
Podobne knjige/članki
Knjižničarski pogled
MARC
LEADER
00000 a a2200000 04500
001
25194
003
040
090
|a
180200
100
|a
Drekonja, Gerhard
245
|a
Teoría y práctica de la política exterior latinoamericana /
|c
Gerhard Drekonja
260
|a
s.l.:
|b
CEREC
700
|a
Tokatlián, Juan Gabriel
999
|c
12266
|d
12266
Podobne knjige/članki
La Nueva Guatemala de la Asunción y los terremotos de 1917 - 1918
od: Peláez Almengor, Oscar Guillermo
Lo político y lo social: bifurcación o síntesis en la crisis
od: Calderón Gutiérrez, Fernando
El Alto costo de la vida
od: Osorio Paz, Saúl
Condicionantes del desarrollo de la democracia en América Latina: el papel de la mujer indígena
od: Buxó I Rey, María Jesús
Campesinado y agricultura en América Latina
od: Menéndez, Iván